Tingloy island: paradise found/ (Record no. 361984)
[ view plain ]
| 000 -LEADER | |
|---|---|
| fixed length control field | 00484nam a2200157Ia 4500 |
| 008 - FIXED-LENGTH DATA ELEMENTS--GENERAL INFORMATION | |
| fixed length control field | 190717s9999 xx 000 0 und d |
| 100 ## - MAIN ENTRY--PERSONAL NAME | |
| Personal name | Hinunangan, Thaddeus |
| 245 ## - TITLE STATEMENT | |
| Title | Tingloy island: paradise found/ |
| 245 ## - TITLE STATEMENT | |
| Statement of responsibility, etc | Thaddeus Hinunangan |
| 260 ## - PUBLICATION, DISTRIBUTION, ETC. (IMPRINT) | |
| Name of publisher, distributor, etc | FAME Inc. |
| 260 ## - PUBLICATION, DISTRIBUTION, ETC. (IMPRINT) | |
| Date of publication, distribution, etc | 2018 |
| 300 ## - PHYSICAL DESCRIPTION | |
| Extent | Pages 50-53, August 2018 |
| 440 ## - SERIES STATEMENT/ADDED ENTRY--TITLE | |
| Title | Healthy and Lifestyle: Keeping the Nation's Lungs Healthy/ |
| Volume number/sequential designation | 12/30/1899 5:08:00 PM |
| 650 ## - SUBJECT ADDED ENTRY--TOPICAL TERM | |
| Topical term or geographic name as entry element | Tingloy island -- Batangas |
| 650 ## - SUBJECT ADDED ENTRY--TOPICAL TERM | |
| Topical term or geographic name as entry element | Tourism |
| Withdrawn status | Lost status | Damaged status | Home library | Current library | Date acquired | Total Checkouts | Date last seen | Price effective from | Koha item type |
|---|---|---|---|---|---|---|---|---|---|
| Luxembourg Library | Luxembourg Library | 07/17/2019 | 07/17/2019 | 07/17/2019 | Periodicals |